| 000 | 01423nam a2200253 a 4500 | ||
|---|---|---|---|
| 001 | 000015801 | ||
| 005 | 20200929164146.0 | ||
| 008 | 100218s1954 dr r 000 0 spa d | ||
| 040 |
_aDO-SdBNP _bspa _cBNPHU |
||
| 082 |
_a341 _bH565c |
||
| 100 | 1 |
_aHerrera Báez, Porfirio _911788 |
|
| 245 | 1 | 3 |
_aEl Consejo Interamericano de Jurisconsultos / _cPorfirio Herrera Báez. |
| 260 |
_aSanto Domingo : _bEditora del Caribe, _c1954. |
||
| 300 |
_av. ; _c24 cm. |
||
| 500 | _aLos temas sobre el reconocimiento de gobiernos de facto y la protección internacional de los derechos humanos en la II reunión del Consejo de Jurisconsultos, Buenos Aires, 1953 | ||
| 500 | _aLa biblioteca posee el v. 1, 2 | ||
| 504 | _aIncluye referencias bibliográficas y notas al pie de las páginas | ||
| 505 | 0 |
_gv.1. _tRio de Janeiro, 1950 : Contribución al estudio de algunos temas de codificación y desarrollo del derecho internacional y de unificación de legislaciones en el continente americano.-- _gv.2. _tBuenos Aires, 1953: Los temas sobre el Reconocimiento de Gobiernos de facto y la protección internacional de los derechos humanos. |
|
| 590 | _aInventariado, 2018/ YL | ||
| 610 | 2 | 0 |
_aCONSEJO INTERAMERICANO DE JURISCONSULTOS _935558 |
| 651 | 4 |
_aAmérica _xLegislación _vCONGRESOS, CONFERENCIAS, ETC. _935559 |
|
| 651 | 4 |
_aDerecho Internacional _vCONGRESOS, CONFERENCIAS, ETC. _935560 |
|
| 910 | _aValidado. Control de calidad MFF | ||
| 999 |
_c15347 _d15347 |
||